El sentido del derecho /

Ensayo en el que son planteadas y se intentan responder algunas de las cuestiones fundamentales relacionadas con el derecho: por qué existe; en qué medida consiste en normas; cuáles son sus nexos con la moral y con el poder; para qué sirve; qué funciones cumple; cómo debería ser, a qué valores deber...

Ful tanımlama

Kaydedildi:
Detaylı Bibliyografya
Yazar: Atienza, Manuel (autor)
Materyal Türü: Kitap
Dil:İspanyolca
Baskı/Yayın Bilgisi: Barcelona, España : Ariel, 2001, c2001
Seri Bilgileri:(Ariel Derecho)
Konular:
Etiketler: Etiketle
Etiket eklenmemiş, İlk siz ekleyin!

MARC

LEADER 00000nam^a2200000^a^4500
001 000152511
005 20250521000000.0
009 20260310100248.13
020 |a 84-344-3211-0 
037 |a Acervo ITESO - Biblioteca 
041 |a ESP 
082 |a 340. 1  |b ATI 
100 |a Atienza, Manuel  |e (autor) 
245 1 3 |a El sentido del derecho /  |c M. Atienza. 
264 4 |a Barcelona, España :  |b Ariel,  |c 2001, c2001 
300 |a 336 p. 
336 |a texto  |b txt  |2 rdacontenido 
337 |a sin mediación  |b n  |2 rdamedio 
338 |a volumen  |b nc  |2 rdasoporte 
440 1 |a (Ariel Derecho) 
520 |a Ensayo en el que son planteadas y se intentan responder algunas de las cuestiones fundamentales relacionadas con el derecho: por qué existe; en qué medida consiste en normas; cuáles son sus nexos con la moral y con el poder; para qué sirve; qué funciones cumple; cómo debería ser, a qué valores debería servir y qué objetivos debería plantearse; cómo puede conocerse y de qué modo ha de construirse una ciencia del derecho; hasta qué punto su ejercicio consiste en una actividad argumentativa y cómo ha de entenderse su aplicación e interpretación. La idea de fondo es que el sentido del derecho es la aspiración a la justicia o, en otros términos, la lucha contra la injusticia. 
649 |a XX 
650 |a Justicia e Injusticia 
650 |a Argumentación Jurídica 
650 |a Poder (Ciencias Sociales) 
650 |a Derechos Humanos 
650 |a Derecho y Política 
650 |a Sociología del Derecho 
650 |a Etica Jurídica 
650 |a Derecho -  |x Filosofía -  |x Tema Principal 
650 |a Derecho -  |x Teoría -  |x Tema Principal 
910 |a Fondo General 
920 |a Impresos - Libros 
930 |a Colección General 
905 |a 101 
901 |a 0500081216  |b IT1  |c ACC  |u 20250521 
902 |a https://opac.biblio.iteso.mx/vufind/Record/000152511